Statistics for Most Densely Populated Country By Letter

Click here to take the quiz!

General Stats

  • This quiz has been taken 22 times
  • The average score is 22 of 24

Answer Stats

LetterCountry% Correct
BBahrain
100%
FFrance
100%
HHaiti
100%
JJapan
100%
MMonaco
100%
OOman
100%
QQatar
100%
YYemen
100%
ZZimbabwe
100%
DDominican Republic
95%
RRwanda
95%
SSingapore
95%
KKiribati
90%
NNauru
90%
VVatican City
90%
AAntigua and Barbuda
85%
EEl Salvador
85%
GGrenada
85%
IIndia
85%
UUnited Kingdom
85%
CComoros
80%
LLebanon
75%
PPhilippines
65%
TTaiwan
65%

Score Distribution

Percentile by Number Answered

Percent of People with Each Score

Your Score History

You have not taken this quiz